Obálka Náhled e-knihy:
Epub
Pro půjčování e-knih musíte být přihlášeni.
Jak si půjčit online?

Kavárna ve Vídni. Tajná přání /

Závěrečný díl rodinné ságy ze secesní Vídně. Žofiin strýc zemřel a jí zůstala kavárna, která se stala velmi populární. Také její láska Richard se k ní chce vrátit. Vše se ale ještě pořádně zkomplikuje.

Uloženo v:
Série:Kavárna ve Vídni, část 3
Hlavní autor: Lacrosse, Marie, 1959- (Autor)
Další autoři: Řežábek, Rudolf, 1944- (Autor)
Médium: E-kniha
Jazyk:Czech
Vydáno: Praha : Ikar, 2023
Vydání:Vydání první
Témata:
On-line přístup:Plný text - pro registrované uživatele NK ČR
Příbuzné jednotky:Z cyklu:: Kavárna ve Vídni
Tagy:
Žádné tagy
LEADER 02699nam a2200469 i 4500
001 312114
003 CZ PrSKC
005 20260601215717.0
007 ta
008 231010s2023 xr b g 000 f cze
015 |a cnb003521425 
020 |a 9788024951744  |q (vázáno) 
035 |a (OCoLC)1412781620 
040 |a ABG001  |b cze  |e rda 
041 1 |a cze  |h ger 
072 7 |a 821.112.2-3  |x Německá próza, německy psaná  |2 Konspekt 
080 |a 821.112.2-31  |2 MRF 
080 |a (0:82-31)  |2 MRF 
100 1 |a Lacrosse, Marie,  |d 1959-  |7 xx0251796  |4 aut 
240 1 0 |a Geheime Wünsche.  |l Česky 
245 1 0 |a Kavárna ve Vídni.  |p Tajná přání /  |c Marie Lacrosse ; z německého originálu Das Kaffeehaus - Geheime Wünsche ... přeložil Rudolf Řežábek 
246 3 0 |a Tajná přání 
250 |a Vydání první 
264 1 |a Praha :  |b Ikar,  |c 2023 
300 |a 566 stran :  |b mapy ;  |c 24 cm 
336 |a text  |b txt  |2 rdacontent 
337 |a bez média  |b n  |2 rdamedia 
338 |a svazek  |b nc  |2 rdacarrier 
504 |a Obsahuje bibliografii 
520 2 |a Závěrečný díl rodinné ságy ze secesní Vídně. Žofiin strýc zemřel a jí zůstala kavárna, která se stala velmi populární. Také její láska Richard se k ní chce vrátit. Vše se ale ještě pořádně zkomplikuje.  |b Vídeň, konec 19. století. Jako dědička kavárny stojí mladá Žofie z Werdenfelsu na křižovatce mezi etiketou a sebeurčením. Po strýcově úmrtí se její Café Prinzess stane oblíbeným místem setkání vídeňské kulturní bohémy. Poté však podnik ohrozí neznámý sabotér. Žofiin soukromý život by se mohl časem změnit k lepšímu. Její velká láska Richard totiž zoufale hledá možnost, jak se k Žofii znovu přiblížit... Nakladatelská anotace. 
655 7 |a německé romány  |7 fd132945  |2 czenas 
655 9 |a German fiction  |2 eczenas 
700 1 |a Řežábek, Rudolf,  |d 1944-  |7 ola2003198081  |4 trl 
765 1 |t Kaffeehaus 
787 0 8 |i Z cyklu:  |t Kavárna ve Vídni  |g 3 
856 4 1 |u https://www.bookport.cz/AccountSaml/SignIn/?idp=https%3A%2F%2Fshibboleth.nkp.cz%2Fidp%2Fshibboleth&returnUrl=/kniha/tajna-prani-14412/  |y Plný text - pro registrované uživatele NK ČR  |4 N 
900 |a ABA001  |b 21 
928 9 |a Euromedia Group - Ikar 
044 |a xr 
910 |a RBIT002 
998 |d 387893  |a https://core.palmknihy.cz/api/books/387893/cover?s1n1x6  |b https://core.palmknihy.cz/api/books/387893/cover/400?s1n1x6  |c https://core.palmknihy.cz/api/books/387893/cover/50?s1n1x6  |e 2027-11-24  |g 568  |i 9788024951744  |j https://core.palmknihy.cz/api/books/387893/preview.epub  |l   |q 49  |r 1  |s https://www.palmknihy.cz/kniha/387893  |t ebook  |y 2023  |z 0  |v Kavárna ve Vídni  |w 3 
999 |d 312112